|
|
|
|
| LEADER |
00000nam0a2200000 4500 |
| 001 |
31433 |
| 005 |
20250724152347.0 |
| 010 |
|
|
|a 5756701273
|
| 035 |
|
|
|a (RuTPU)RU\TPU\book\31711
|
| 035 |
|
|
|a BOOK00000001
|
| 090 |
|
|
|a 31433
|
| 100 |
|
|
|a 20011209d2000 m y0rusy50 ca
|
| 101 |
0 |
|
|a rus
|
| 102 |
|
|
|a RU
|
| 105 |
|
|
|a y j 000zd
|
| 200 |
1 |
|
|a Русские земли глазами современников и потомков (XII - XIV вв.)
|e Курс лекций
|f И. Н. Данилевский
|
| 210 |
|
|
|a Москва
|c Аспект Пресс
|d 2000
|
| 215 |
|
|
|a 389 с.
|
| 320 |
|
|
|a Библиогр.: с. 380-388.
|
| 600 |
|
0 |
|a Андрей Боголюбский
|c великий князь владимирский
|f 1111-1174
|2 stltpush
|3 (RuTPU)RU\TPU\pers\9947
|
| 600 |
|
0 |
|a Александр Невский
|c князь новгородский (1236-51)
|c князь владимирский (с 1252 г.)
|f 1219-1263
|2 stltpush
|3 (RuTPU)RU\TPU\pers\5915
|
| 600 |
|
0 |
|a Дмитрий Донской
|c великий князь владимирский и московский
|f 1350-1389
|2 stltpush
|3 (RuTPU)RU\TPU\pers\9952
|
| 606 |
|
|
|a Россия
|x История
|z 9-17 вв.
|9 81678
|
| 610 |
1 |
|
|a 12 век
|
| 610 |
1 |
|
|a 13 век
|
| 610 |
1 |
|
|a 14 век
|
| 610 |
1 |
|
|a Древняя Русь
|
| 610 |
1 |
|
|a Киевская Русь
|
| 610 |
1 |
|
|a Степь
|
| 610 |
1 |
|
|a Орда
|
| 686 |
|
|
|a Т3(2)4я7
|2 rubbk
|
| 700 |
|
1 |
|a Данилевский
|b И. Н.
|g Игорь Николаевич
|
| 801 |
|
0 |
|a RU
|b 63413507
|c 20011209
|g PSBO
|
| 801 |
|
2 |
|a RU
|b 63413507
|c 20120923
|g PSBO
|
| 850 |
|
|
|a 63413507
|
| 942 |
|
|
|c BK
|